METLLLURGICAL MATERIALS ALLOYS AND MANUFACTURING PROCESSES (Record no. 582109)
[ view plain ]
| 000 -LEADER | |
|---|---|
| fixed length control field | 00281nam a22001097a 4500 |
| 082 ## - DEWEY DECIMAL CLASSIFICATION NUMBER | |
| Classification number | 669.042 WOO'M |
| 100 ## - MAIN ENTRY--PERSONAL NAME | |
| Personal name | WOOD, V. N |
| 9 (RLIN) | 76778 |
| 245 ## - TITLE STATEMENT | |
| Title | METLLLURGICAL MATERIALS ALLOYS AND MANUFACTURING PROCESSES |
| 260 ## - PUBLICATION, DISTRIBUTION, ETC. | |
| Place of publication, distribution, etc. | LONDON |
| Name of publisher, distributor, etc. | CHAPMAN & HALL |
| Date of publication, distribution, etc. | 1946 |
| 300 ## - PHYSICAL DESCRIPTION | |
| Extent | 340P |
| 942 ## - ADDED ENTRY ELEMENTS (KOHA) | |
| Koha item type | Book |
| Withdrawn status | Lost status | Damaged status | Not for loan | Permanent Location | Current Location | Shelving location | Date acquired | Total Checkouts | Full call number | Barcode | Date last seen | Price effective from | Koha item type |
|---|---|---|---|---|---|---|---|---|---|---|---|---|---|
| College of Electrical & Mechanical Engineering (CEME) | College of Electrical & Mechanical Engineering (CEME) | General Stacks | 06/01/2017 | 669.042 WOO'M | CEME-10537 | 06/28/2021 | 06/28/2021 | Book |
